000 01071nam a22002655a 4500
005 20080703100559.0
008 080326s2008 ii b 011 0 eng
010 _aENG-91179
020 _a9788189901653
_c500.00
035 _aEN-74712
037 _bDBAD / PUB
040 _adpl
_bEnglish
082 _a305.2531
100 _aMurthy, Amritha
245 _aThe adolescent achiever:
_ba psycho-social profile /
_cby Amritha Murthy
260 _aDelhi :
_bAcademic Excellence,
_c2008.
270 _a42, Ekta Apartment, Geeta Colony,
_bDelhi
_e110031
300 _av,190 p. ;
_c22 cm (Hb)
500 _aIncludes bibliographical references and index.
520 _aContributed articles published to commemorate a festschrift of Prof. M.S. Venkataramani (1925-2006).
650 _aAdolescence
650 _aAdolescent psychology
942 _2ddc
_cEN
_mMUR
_h305.2531
999 _c16298
_d16298